| 000 | 00488nmm a2200157Ia 4500 | ||
|---|---|---|---|
| 008 | 251105s9999||||xx |||||||||||||||||und|| | ||
| 020 | _a9788494913426 | ||
| 041 | _aspa | ||
| 100 | _aCervetti, Lucas | ||
| 245 | 0 |
_aLa luz de la conciencia : _b Un viaje por nuestra realidad espiritual |
|
| 264 |
_a[Madrid, España] : _bKōan Libros, _c2018 |
||
| 300 | _a192 páginas | ||
| 650 | _aMind, body and spirituality | ||
| 856 | _uhttps://public.digitaliapublishing.com/a/97315 | ||
| 942 | _cCF | ||
| 999 |
_c89506 _d89506 |
||